|
|
|
|
| LEADER |
00000nab a2200000 a 4500 |
| 001 |
vtls000712934 |
| 003 |
SK-MaSNL |
| 005 |
20260303215850.0 |
| 008 |
180206c2000 xo 0 slo |
| 015 |
|
|
|a SNBRB2000/02-03805
|
| 035 |
|
|
|a CLN000065101
|
| 040 |
|
|
|a SNKBUCL
|b slo
|c SNKBUCL
|e AACR2
|
| 041 |
0 |
|
|a slo
|
| 044 |
|
|
|a xo
|c SK
|
| 080 |
|
|
|a 001.9:008
|2 UDC-MRF-SK2
|
| 080 |
|
|
|a 001.18
|2 UDC-MRF-SK2
|
| 100 |
1 |
|
|a Laubert, Vladimír,
|d 1961-
|4 aut
|9 208853
|
| 245 |
1 |
0 |
|a Predpovede budúcnosti
|b existujú teórie, že Antarktída ...
|n 4
|c Vladimír Laubert
|
| 300 |
|
|
|b Obr.
|
| 500 |
|
|
|a Pokračovanie
|
| 650 |
0 |
7 |
|a ľudstvo
|x prehistória
|2 snkbucl
|9 1252539
|
| 650 |
0 |
7 |
|a civilizácia
|x vplyvy geologické
|2 snkbucl
|9 1252543
|
| 655 |
|
7 |
|a články z novín a časopisov
|2 snkbucl
|9 267496
|
| 773 |
0 |
|
|x 1335-4698
|t Slovenská republika víkend
|g Roč. 7, č. 4 (2000), s. 11
|
| 850 |
|
|
|a Slovenská národná knižnica v Martine
|
| 852 |
|
|
|a SNK
|b KIS3GCP
|
| 958 |
|
|
|a RBX
|
| 999 |
|
|
|c 2223749
|d 2225679
|